000
00309 a2200157 4500
001
162738
020
_a
040
_c
Magnum
100
_a
Haden, Charlyne
240
1
0
_a
Freddy frog
_l
ING
245
1
0
_a
Freddy frog
362
0
_a
1899
440
1
_a
FTD
697
_a
LITERATURA ESTRANGEIRA
942
_c
BK
999
_c
162738
_d
162738